000 00735cam a22002413a 4500
001 24288
003 PGUSA
005 20140828083523.0
008 080115s2008||||xxu|||||s|||||000 p eng d
040 _aPGUSA
_beng
042 _adc
050 4 _aPT
100 1 _aRilke, Rainer Maria,
_d1875-1926
245 1 0 _aDas Stunden-Buch
_h[electronic resource] /
_cRainer Maria Rilke
260 _bProject Gutenberg,
_c2008
505 0 _aVom mœnchischen Leben -- Von der Pilgerschaft -- Von der Armuth und vom Tode
506 _aPublic domain in the USA.
516 _aElectronic text
653 _aGerman poetry -- 20th century
830 0 _aProject Gutenberg
_v24288
856 4 0 _uhttp://www.gutenberg.org/ebooks/24288
942 _cEB
999 _c253543
_d253543